000 00839nam a22002897a 4500
003 CHAP
005 20220329135012.0
008 971013s r 00010 d
010 _a29353
011 _a30325
035 _a34437
040 _cCHAP
090 _aR-1716
100 0 0 _aMadill, R. J.
_969688
245 _aForest resources mapping in Canada
500 _aSobretiro de: Canandian Surveyor. March, 1977
590 _aBATCH-UPD
_b10
_c20130110
_lUCH01
_h1654
590 _aBATCH-UPD
_b10
_c20130410
_lUCH01
_h1042
590 _aBATCH-UPD
_b10
_c20130914
_lUCH01
_h0710
590 _aCONVERSION
_b10
_c20130109
_lUCH01
_h1317
650 1 4 _aBosques
_xMapas.
_914335
650 1 4 _aFotografía aérea.
_942714
700 0 _aAldred, A. H.
_93712
901 _aBK
942 _cREIMP
949 _aR-1716
_bBC
_cR
_d-79713
_eTS1
_i34437
_si
999 _c29353
_d29353